000 00847nam a2200301Ia 4500
003 OSt
005 20220912145211.0
006 a|||||r|||| 00| 0
007 ta
008 220909b |||||||| |||| 00| 0 eng d
020 _a3540265880 (hbd)
024 _a75296
037 _cTextual
040 _aCSL
_beng
_cCSL
041 _aeng
082 _aH4130aY7, P6
100 _aEhlers Eckart Ed.
245 0 _aEarth system science in the anthropocene
260 _aBerlin
_bSpringer-Verlag
_c2006
300 _axv ,267p.
_ccm.
500 _aIncludes bibliographical references; Index 263-267p
650 _a Anthropocene
650 _a Earth system
650 _aGeology
700 _a Krafft Thomas Ed.
942 _hH4130aY7, P6
_cTEXL
_2CC
999 _c25786
_d25786